The truths we hold : (Record no. 590360)

000 -LEADER
fixed length control field 07006cam a2200865 i 4500
001 - CONTROL NUMBER
control field 20775266
003 - CONTROL NUMBER IDENTIFIER
control field NUST
005 - DATE AND TIME OF LATEST TRANSACTION
control field 20220827162402.0
008 - FIXED-LENGTH DATA ELEMENTS--GENERAL INFORMATION
fixed length control field 181203t20192019nyuaf b 001 0aeng c
010 ## - LIBRARY OF CONGRESS CONTROL NUMBER
LC control number 2018055431
020 ## - INTERNATIONAL STANDARD BOOK NUMBER
International Standard Book Number 9780525560715
Qualifying information (hardcover)
020 ## - INTERNATIONAL STANDARD BOOK NUMBER
International Standard Book Number 0525560718
Qualifying information (hardcover)
020 ## - INTERNATIONAL STANDARD BOOK NUMBER
Canceled/invalid ISBN 9780525560722
Qualifying information (ebook)
035 ## - SYSTEM CONTROL NUMBER
System control number (OCoLC)on1044532611
038 ## - RECORD CONTENT LICENSOR
Staff Name Azhar
040 ## - CATALOGING SOURCE
Original cataloging agency PUL
Language of cataloging eng
Transcribing agency PUL
Description conventions rda
Modifying agency OI6
-- TCH
-- BUR
-- OQX
-- QQ3
-- LIV
-- ILC
-- CGP
-- GK8
-- OCLCF
-- TXN
-- WSD
-- YDX
-- DLC
-- NDS
-- KVIJL
-- NCRJL
-- CSA
-- WL8
-- OCLCO
-- DF$
-- SSH
-- OCLCO
-- DLC
042 ## - AUTHENTICATION CODE
Authentication code pcc
043 ## - GEOGRAPHIC AREA CODE
Geographic area code n-us---
-- n-us-ca
050 00 - LIBRARY OF CONGRESS CALL NUMBER
Classification number E901.1.H37
Item number A3 2019
082 ## - DEWEY DECIMAL CLASSIFICATION NUMBER
Classification number 328.73092
Author Mark HAR
100 1# - MAIN ENTRY--PERSONAL NAME
Personal name Harris, Kamala,
Dates associated with a name 1964-
Relator term author.
9 (RLIN) 93834
245 14 - TITLE STATEMENT
Title The truths we hold :
Remainder of title an American journey
Statement of responsibility, etc. Kamala Harris.
260 ## - PUBLICATION, DISTRIBUTION, ETC.
Place of publication, distribution, etc. New York :
Name of publisher, distributor, etc. Penguin Press,
Date of publication, distribution, etc. 2019.
300 ## - PHYSICAL DESCRIPTION
Extent xvii, 318 pages, 32 unnumbered pages of plates :
Other physical details illustrations (chiefly color) ;
Dimensions 25 cm
336 ## - CONTENT TYPE
Content type term text
Content type code txt
Source rdacontent
337 ## - MEDIA TYPE
Media type term unmediated
Media type code n
Source rdamedia
338 ## - CARRIER TYPE
Carrier type term volume
Carrier type code nc
Source rdacarrier
504 ## - BIBLIOGRAPHY, ETC. NOTE
Bibliography, etc. note Includes bibliographical references and index.
505 0# - FORMATTED CONTENTS NOTE
Formatted contents note For the people -- A voice for justice -- Underwater -- Wedding bells -- I say we fight -- We are better than this -- Every body -- The cost of living -- Smart on security -- What I've learned.
520 ## - SUMMARY, ETC.
Summary, etc. "Senator Kamala Harris's commitment to speaking truth is informed by her upbringing. The daughter of immigrants, she was raised in an Oakland, California community that cared deeply about social justice; her parents -- an esteemed economist from Jamaica and an admired cancer researcher from India -- met as activists in the civil rights movement when they were graduate students at Berkeley. Growing up, Harris herself never hid her passion for justice, and when she became a prosecutor out of law school, a deputy district attorney, she quickly established herself as one of the most innovative change agents in American law enforcement. She progressed rapidly to become the elected District Attorney for San Francisco, and then the chief law enforcement officer of the state of California as a whole. Known for bringing a voice to the voiceless, she took on the big banks during the foreclosure crisis, winning a historic settlement for California's working families. Her hallmarks were applying a holistic, data-driven approach to many of California's thorniest issues, always eschewing stale "tough on crime" rhetoric as presenting a series of false choices. Neither "tough" nor "soft" but smart on crime became her mantra. Being smart means learning the truths that can make us better as a community, and supporting those truths with all our might. That has been the pole star that guided Harris to a transformational career as the top law enforcement official in California, and it is guiding her now as a transformational United States Senator, grappling with an array of complex issues that affect her state, our country, and the world, from health care and the new economy to immigration, national security, the opioid crisis, and accelerating inequality. By reckoning with the big challenges we face together, drawing on the hard-won wisdom and insight from her own career and the work of those who have most inspired her, Kamala Harris offers in [this book] a master class in problem solving, in crisis management, and leadership in challenging times. Through the arc of her own life, on into the great work of our day, she communicates a vision of shared struggle, shared purpose, and shared values. In a book rich in many home truths, not least is that a relatively small number of people work very hard to convince a great many of us that we have less in common than we actually do, but it falls to us to look past them and get on with the good work of living our common truth. When we do, our shared effort will continue to sustain us and this great nation, now and in the years to come."--Dust jacket.
600 10 - SUBJECT ADDED ENTRY--PERSONAL NAME
Personal name Harris, Kamala,
Dates associated with a name 1964-
9 (RLIN) 93834
600 10 - SUBJECT ADDED ENTRY--PERSONAL NAME
Personal name Harris, Kamala,
Dates associated with a name 1964-
General subdivision Political and social views.
9 (RLIN) 93835
600 14 - SUBJECT ADDED ENTRY--PERSONAL NAME
Personal name Harris, Kamala,
Dates associated with a name 1964-
9 (RLIN) 93834
600 14 - SUBJECT ADDED ENTRY--PERSONAL NAME
Personal name Harris, Kamala,
Dates associated with a name 1964-
General subdivision Political and social views.
9 (RLIN) 93835
610 10 - SUBJECT ADDED ENTRY--CORPORATE NAME
Corporate name or jurisdiction name as entry element United States.
Subordinate unit Congress.
-- Senate
Form subdivision Biography.
9 (RLIN) 10901
610 24 - SUBJECT ADDED ENTRY--CORPORATE NAME
Corporate name or jurisdiction name as entry element United States
Subordinate unit Congress
-- Senate
Form subdivision Biography.
9 (RLIN) 10901
610 17 - SUBJECT ADDED ENTRY--CORPORATE NAME
Corporate name or jurisdiction name as entry element United States.
Subordinate unit Congress.
-- Senate.
Source of heading or term fast
Authority record control number or standard number (OCoLC)fst00530422
9 (RLIN) 93836
650 #0 - SUBJECT ADDED ENTRY--TOPICAL TERM
Topical term or geographic name entry element National characteristics, American.
9 (RLIN) 8029
650 #0 - SUBJECT ADDED ENTRY--TOPICAL TERM
Topical term or geographic name entry element Justice, Administration of
General subdivision Political aspects
Geographic subdivision United States.
9 (RLIN) 93837
650 #0 - SUBJECT ADDED ENTRY--TOPICAL TERM
Topical term or geographic name entry element African American women legislators
Form subdivision Biography.
9 (RLIN) 93838
650 #0 - SUBJECT ADDED ENTRY--TOPICAL TERM
Topical term or geographic name entry element Legislators
Geographic subdivision United States
Form subdivision Biography.
9 (RLIN) 10903
650 #0 - SUBJECT ADDED ENTRY--TOPICAL TERM
Topical term or geographic name entry element Public prosecutors
Geographic subdivision California
-- San Francisco
Form subdivision Biography.
9 (RLIN) 93839
650 #0 - SUBJECT ADDED ENTRY--TOPICAL TERM
Topical term or geographic name entry element Attorneys general
Geographic subdivision California
Form subdivision Biography.
9 (RLIN) 93840
650 #1 - SUBJECT ADDED ENTRY--TOPICAL TERM
Topical term or geographic name entry element Justice, Administration of.
General subdivision Political aspects
Geographic subdivision United States.
9 (RLIN) 93837
650 #4 - SUBJECT ADDED ENTRY--TOPICAL TERM
Topical term or geographic name entry element Public prosecutors
Geographic subdivision California
-- San Francisco
Form subdivision Biography.
9 (RLIN) 93839
650 #4 - SUBJECT ADDED ENTRY--TOPICAL TERM
Topical term or geographic name entry element Legislators
Geographic subdivision United States
Form subdivision Biography.
9 (RLIN) 10903
650 #4 - SUBJECT ADDED ENTRY--TOPICAL TERM
Topical term or geographic name entry element Justice, Administration of
General subdivision Political aspects
Geographic subdivision United States.
9 (RLIN) 93837
650 #4 - SUBJECT ADDED ENTRY--TOPICAL TERM
Topical term or geographic name entry element African American women legislators
Form subdivision Biography.
9 (RLIN) 93838
650 #4 - SUBJECT ADDED ENTRY--TOPICAL TERM
Topical term or geographic name entry element Attorneys general
Geographic subdivision California
Form subdivision Biography.
9 (RLIN) 93840
650 #4 - SUBJECT ADDED ENTRY--TOPICAL TERM
Topical term or geographic name entry element National characteristics, American.
9 (RLIN) 8029
650 #7 - SUBJECT ADDED ENTRY--TOPICAL TERM
Topical term or geographic name entry element BIOGRAPHY & AUTOBIOGRAPHY / Political.
Source of heading or term bisacsh
9 (RLIN) 93841
650 #7 - SUBJECT ADDED ENTRY--TOPICAL TERM
Topical term or geographic name entry element BIOGRAPHY & AUTOBIOGRAPHY / Women.
Source of heading or term bisacsh
9 (RLIN) 35
650 #7 - SUBJECT ADDED ENTRY--TOPICAL TERM
Topical term or geographic name entry element POLITICAL SCIENCE / American Government / National.
Source of heading or term bisacsh
9 (RLIN) 93842
650 #7 - SUBJECT ADDED ENTRY--TOPICAL TERM
Topical term or geographic name entry element African American women legislators.
Source of heading or term fast
Authority record control number or standard number (OCoLC)fst00799506
9 (RLIN) 93843
650 #7 - SUBJECT ADDED ENTRY--TOPICAL TERM
Topical term or geographic name entry element Attorneys general.
Source of heading or term fast
Authority record control number or standard number (OCoLC)fst00820898
9 (RLIN) 93844
650 #7 - SUBJECT ADDED ENTRY--TOPICAL TERM
Topical term or geographic name entry element Justice, Administration of
General subdivision Political aspects.
Source of heading or term fast
Authority record control number or standard number (OCoLC)fst00985187
9 (RLIN) 93845
650 #7 - SUBJECT ADDED ENTRY--TOPICAL TERM
Topical term or geographic name entry element Legislators.
Source of heading or term fast
Authority record control number or standard number (OCoLC)fst00995828
9 (RLIN) 93846
650 #7 - SUBJECT ADDED ENTRY--TOPICAL TERM
Topical term or geographic name entry element National characteristics, American.
Source of heading or term fast
Authority record control number or standard number (OCoLC)fst01033342
9 (RLIN) 8029
650 #7 - SUBJECT ADDED ENTRY--TOPICAL TERM
Topical term or geographic name entry element Political and social views.
Source of heading or term fast
Authority record control number or standard number (OCoLC)fst01353986
9 (RLIN) 93847
650 #7 - SUBJECT ADDED ENTRY--TOPICAL TERM
Topical term or geographic name entry element Politics and government.
Source of heading or term fast
Authority record control number or standard number (OCoLC)fst01919741
9 (RLIN) 1501
650 #7 - SUBJECT ADDED ENTRY--TOPICAL TERM
Topical term or geographic name entry element Public prosecutors.
Source of heading or term fast
Authority record control number or standard number (OCoLC)fst01082827
9 (RLIN) 93848
651 #0 - SUBJECT ADDED ENTRY--GEOGRAPHIC NAME
Geographic name United States
General subdivision Politics and government
-- Philosophy.
9 (RLIN) 93849
651 #4 - SUBJECT ADDED ENTRY--GEOGRAPHIC NAME
Geographic name United States
General subdivision Politics and government
-- Philosophy.
9 (RLIN) 93849
651 #7 - SUBJECT ADDED ENTRY--GEOGRAPHIC NAME
Geographic name California.
Source of heading or term fast
Authority record control number or standard number (OCoLC)fst01204928
9 (RLIN) 93850
651 #7 - SUBJECT ADDED ENTRY--GEOGRAPHIC NAME
Geographic name California
Geographic subdivision San Francisco.
Source of heading or term fast
Authority record control number or standard number (OCoLC)fst01204481
9 (RLIN) 93851
651 #7 - SUBJECT ADDED ENTRY--GEOGRAPHIC NAME
Geographic name United States.
Source of heading or term fast
Authority record control number or standard number (OCoLC)fst01204155
655 #4 - INDEX TERM--GENRE/FORM
Genre/form data or focus term Biographies.
9 (RLIN) 33106
655 #7 - INDEX TERM--GENRE/FORM
Genre/form data or focus term Biography.
Source of term fast
Authority record control number (OCoLC)fst01423686
9 (RLIN) 93739
655 #7 - INDEX TERM--GENRE/FORM
Genre/form data or focus term Biographies.
Source of term lcgft
9 (RLIN) 33106
776 08 - ADDITIONAL PHYSICAL FORM ENTRY
Relationship information Online version:
Main entry heading Harris, Kamala D.
Title Truths we hold.
Place, publisher, and date of publication New York : Penguin Press, 2019
International Standard Book Number 9780525560722
Record control number (DLC) 2018059722
906 ## - LOCAL DATA ELEMENT F, LDF (RLIN)
a 7
b cbc
c pccadap
d 2
e epcn
f 20
g y-gencatlg
942 ## - ADDED ENTRY ELEMENTS (KOHA)
Source of classification or shelving scheme
Koha item type Lincoln Corner
Holdings
Withdrawn status Lost status Source of classification or shelving scheme Damaged status Not for loan Permanent Location Current Location Shelving location Date acquired Full call number Barcode Date last seen Price effective from Koha item type
          Central Library (CL) Central Library (CL) Lincoln Corner 07/19/2022 328.73092 HAR LC-13 07/19/2022 07/19/2022 Reference
© 2023 Central Library, National University of Sciences and Technology. All Rights Reserved.